Predsedníctvo v Rade Európskej únie v kontexte východísk pre štát pripravujúci sa na túto úlohu
Definovanie inštitútu rotujúceho predsedníctva v Rade Európskej únie na základe primárneho práva a tradície predsedníctiev a doterajšieho fungovania Únie. Identifikovanie povinnosti vyplývajúcich z tejto funkcie pre predsednícky štát a agregovanie z nich vyplývajúcich úloh do ôsmich oblastí.
Gespeichert in:
| 1. Verfasser: | |
|---|---|
| Format: | Buchkapitel |
| Sprache: | Slowakisch |
| Schlagworte: | |
| Tags: |
Keine Tags, Fügen Sie das erste Tag hinzu!
|
MARC
| LEADER | 00000naa a2200000 4500 | ||
|---|---|---|---|
| 001 | 0169082 | ||
| 005 | 20240502072935.1 | ||
| 041 | 0 | |a slo | |
| 044 | |a SK | ||
| 245 | 1 | 0 | |a Predsedníctvo v Rade Európskej únie v kontexte východísk pre štát pripravujúci sa na túto úlohu |c Michal Polgár |
| 520 | |a Definovanie inštitútu rotujúceho predsedníctva v Rade Európskej únie na základe primárneho práva a tradície predsedníctiev a doterajšieho fungovania Únie. Identifikovanie povinnosti vyplývajúcich z tejto funkcie pre predsednícky štát a agregovanie z nich vyplývajúcich úloh do ôsmich oblastí. | ||
| 610 | 2 | 0 | |a Európska únia |
| 610 | 2 | 0 | |a Rada Európskej únie |
| 610 | 2 | 0 | |a vzťahy medzinárodné |
| 610 | 2 | 0 | |a spolupráca hospodárska medzinárodná |
| 100 | 1 | |a Polgár, Michal | |